[Event "Belgrade-ch"]
[Site "Belgrade"]
[Date "2013.01.25"]
[Round "3"]
[White "Milicevic, Predrag"]
[Black "Popovic, Aleksandar M"]
[Result "0-1"]
[WhiteElo "2172"]
[BlackElo "2271"]
[PlyCount "39"]
[EventDate "2013.01.23"]
[EventType "swiss"]
[EventRounds "9"]
[EventCountry "SRB"]
[SourceTitle "CBM 152 Extra"]
[Source "ChessBase"]
[SourceDate "2013.02.25"]
[SourceVersion "1"]
[SourceVersionDate "2013.02.25"]
[SourceQuality "1"]

1. e4 e5 2. Nf3 d6 3. d4 exd4 4. Qxd4 a6 5. Bg5 Nc6 6. Qc3 f6 7. Bd2 Ne5 8. a4 Be6 9. Na3 Qd7 10. Nd4 Bf7 11. f4 Nc6 12. Nxc6 bxc6 13. 0-0-0 d5 14. Be3 Bd6 15. e5 Be7 16. Nc4 c5 17. exf6 gxf6 18. Qa5 Qc6 19. Be2 Rd8 20. Bf3 0-1

[Event "SRB-chT"]
[Site "Belgrade"]
[Date "2010.10.08"]
[Round "8"]
[White "Milicevic, Predrag"]
[Black "Ivanovic, Nikola"]
[Result "0-1"]
[WhiteElo "2193"]
[BlackElo "2228"]
[PlyCount "66"]
[EventDate "2010.10.01"]
[EventType "team-tourn"]
[EventRounds "11"]
[EventCountry "YUG"]
[SourceTitle "CBM 138 Extra"]
[Source "ChessBase"]
[SourceDate "2010.10.29"]
[SourceVersion "1"]
[SourceVersionDate "2010.10.29"]
[SourceQuality "1"]

1. Nf3 Nf6 2. d4 g6 3. Bg5 Bg7 4. Nbd2 d5 5. e3 0-0 6. h3 c5 7. c3 Qb6 8. Qb3 c4 9. Qa3 Nc6 10. b3 cxb3 11. axb3 Bf5 12. b4 a6 13. g4 Bd7 14. Bd3 Rac8 15. Bf4 Na7 16. c4 dxc4 17. Nxc4 Qc6 18. Nce5 Qd5 19. 0-0 Bb5 20. Rfc1 Bxd3 21. Qxd3 Nb5 22. Nd2 Nd7 23. Qe4 Nf6 24. Qd3 h5 25. g5 Nd7 26. Qe4 Qe6 27. Kh2 Nxe5 28. dxe5 Nc3 29. Qxb7 Bxe5 30. Nf3 Bxf4+ 31. exf4 Qf5 32. Rxa6 Qxf4+ 33. Kg2 Qxc1 0-1

[Event "SRB-chT Cup"]
[Site "Kragujevac"]
[Date "2010.05.18"]
[Round "1"]
[White "Ostojic, Nikola"]
[Black "Milicevic, Predrag"]
[Result "1-0"]
[WhiteElo "2446"]
[BlackElo "2205"]
[PlyCount "45"]
[EventDate "2010.05.18"]
[EventType "team-tourn"]
[EventRounds "7"]
[EventCountry "YUG"]
[SourceTitle "CBM 136 Extra"]
[Source "ChessBase"]
[SourceDate "2010.07.02"]
[SourceVersion "2"]
[SourceVersionDate "2010.07.15"]
[SourceQuality "1"]

1. d4 d6 2. c4 f5 3. Nc3 Nf6 4. Nf3 g6 5. g3 Bg7 6. Bg2 0-0 7. 0-0 Nc6 8. d5 Ne5 9. Nxe5 dxe5 10. Qb3 f4 11. Bd2 g5 12. c5 Kh8 13. Rad1 Qe8 14. Nb5 Qh5 15. Nxc7 Bg4 16. f3 fxg3 17. hxg3 Rac8 18. d6 exd6 19. cxd6 e4 20. Bc3 Bh3 21. g4 Qh6 22. Ne6 exf3 23. exf3 1-0

[Event "Belgrade tt Cup"]
[Site "Belgrade"]
[Date "2010.04.18"]
[Round "5.3"]
[White "Milicevic, Predrag"]
[Black "Maksimovic, Miroslav"]
[Result "1-0"]
[WhiteElo "2196"]
[BlackElo "2265"]
[PlyCount "91"]
[EventDate "2010.04.14"]
[EventType "team-tourn"]
[EventRounds "5"]
[EventCountry "SRB"]
[SourceTitle "EXT 2012"]
[Source "ChessBase"]
[SourceDate "2011.11.24"]
[SourceVersion "1"]
[SourceVersionDate "2011.11.24"]
[SourceQuality "1"]

1. e4 c5 2. Nf3 d6 3. d4 cxd4 4. c3 dxc3 5. Nxc3 Nf6 6. Bc4 e6 7. 0-0 Be7 8. Qe2 0-0 9. Rd1 Qc7 10. Bf4 a6 11. Rac1 Nc6 12. h3 h6 13. Bb3 e5 14. Be3 Qb8 15. Nd5 Nxd5 16. exd5 Na5 17. Bc2 b5 18. b3 f5 19. Bd2 Nb7 20. Nd4 Nc5 21. b4 Ne4 22. Bxe4 fxe4 23. Qxe4 Qa7 24. Nf3 Bf5 25. Qe2 Rac8 26. Rc6 Rxc6 27. dxc6 Qc7 28. Rc1 Be6 29. a4 Rb8 30. axb5 axb5 31. Nd4 Bc4 32. Rxc4 bxc4 33. Qxc4+ Kh8 34. Ne6 Qb6 35. b5 Bd8 36. c7 Bxc7 37. Qxc7 Qxc7 38. Nxc7 Rb7 39. Ba5 Ra7 40. Na6 Rb7 41. b6 Kg8 42. Kf1 Kf7 43. Ke2 Ke6 44. Nb4 d5 45. Nc6 Rd7 46. b7 1-0

[Event "Belgrade Zimski op"]
[Site "Belgrade"]
[Date "2005.01.26"]
[Round "4"]
[White "Jovicic, Radosav"]
[Black "Milicevic, Predrag"]
[Result "1-0"]
[WhiteElo "2246"]
[BlackElo "2205"]
[PlyCount "42"]
[EventDate "2005.01.22"]
[EventType "swiss"]
[EventRounds "9"]
[EventCountry "YUG"]
[SourceTitle "CBM 104 Extra"]
[Source "ChessBase"]
[SourceDate "2005.03.01"]
[SourceVersion "1"]
[SourceVersionDate "2005.03.01"]
[SourceQuality "1"]

1. d4 c5 2. d5 Nf6 3. Nc3 g6 4. e4 d6 5. f4 Bg7 6. Bb5+ Nfd7 7. a4 0-0 8. Nf3 b6 9. Qe2 a6 10. Bd3 e6 11. dxe6 fxe6 12. Ng5 Nf6 13. 0-0 Nc6 14. Bd2 Nd4 15. Qd1 h6 16. e5 hxg5 17. exf6 Rxf6 18. Ne4 Rxf4 19. Bxf4 gxf4 20. Rxf4 g5 21. Rf2 d5 1-0

[Event "IBCA WorldCup 3rd"]
[Site "Logrono"]
[Date "1998.02.21"]
[Round "5.3"]
[White "Kroeger, Eckhard"]
[Black "Milicevic, Predrag"]
[Result "1/2-1/2"]
[WhiteElo "2135"]
[BlackElo "2205"]
[PlyCount "125"]
[EventDate "1998.02.17"]
[EventType "team"]
[EventRounds "9"]
[EventCountry "ESP"]
[SourceTitle "EXT 2005"]
[Source "ChessBase"]
[SourceDate "2004.11.15"]
[SourceVersion "1"]
[SourceVersionDate "2004.11.15"]
[SourceQuality "1"]

1. e4 c5 2. Nf3 Nf6 3. e5 Nd5 4. d4 e6 5. c4 Nc7 6. Nc3 cxd4 7. Nxd4 d6 8. exd6 Bxd6 9. Be2 0-0 10. 0-0 e5 11. Nc2 Nc6 12. Bf3 Ne6 13. Re1 Ned4 14. Bd5 Be6 15. Bxe6 Nxe6 16. Ne3 Ned4 17. a3 Rc8 18. b4 Re8 19. c5 Bb8 20. Nc4 Qh4 21. Ne4 f5 22. Bg5 Qg4 23. Qxg4 fxg4 24. Ncd6 Nc2 25. Nxc8 Rxc8 26. Rad1 Nxe1 27. Rxe1 h6 28. Bc1 Rd8 29. Kf1 a6 30. Bb2 Kf7 31. Ke2 Ke6 32. Ke3 Bc7 33. Bc3 Nd4 34. Bxd4 Rxd4 35. Rc1 Kd5 36. Nc3+ Kc6 37. Ne2 Rd7 38. a4 Bd8 39. Rc4 Bg5+ 40. Ke4 Rd2 41. Nc3 Rxf2 42. b5+ Kd7 43. c6+ bxc6 44. bxa6 Rf8 45. Rb4 Ra8 46. Rb7+ Kc8 47. Rxg7 Rxa6 48. Kxe5 Kd8 49. Kd6 Ke8 50. Rb7 Bf4+ 51. Kc5 Be5 52. Kc4 Bxc3 53. Kxc3 Rxa4 54. Rh7 Ra2 55. Rxh6 Rxg2 56. Rxc6 Rxh2 57. Rg6 Rg2 58. Kd3 Kf7 59. Rg5 Kf6 60. Rg8 Kf5 61. Ke3 Ra2 62. Rg7 Rb2 63. Rg8 1/2-1/2

[Event "Kragujevac"]
[Site "Kragujevac"]
[Date "1995.??.??"]
[Round "?"]
[White "Cosma, Ioan"]
[Black "Milicevic, Predrag"]
[Result "1-0"]
[WhiteElo "2440"]
[BlackElo "2320"]
[PlyCount "57"]
[EventDate "1995.??.??"]
[EventType "tourn"]
[EventRounds "13"]
[EventCountry "YUG"]
[EventCategory "3"]
[SourceTitle "EXT 2004"]
[Source "ChessBase"]
[SourceDate "2003.11.25"]
[SourceVersion "1"]
[SourceVersionDate "2003.11.25"]
[SourceQuality "1"]

1. d4 Nf6 2. c4 d6 3. Nc3 g6 4. e4 Bg7 5. Nf3 0-0 6. Be2 e5 7. 0-0 c6 8. Re1 exd4 9. Nxd4 Re8 10. Bf1 Nbd7 11. Kh1 d5 12. exd5 Rxe1 13. Qxe1 cxd5 14. Bf4 dxc4 15. Rd1 Nh5 16. Bd6 Nb6 17. Be7 Qe8 18. Ndb5 Be6 19. Bh4 Qc6 20. Nd4 Bxd4 21. Rxd4 Ng7 22. Qd1 Re8 23. Rd6 Qc8 24. Ne4 Nd7 25. Rxd7 Bxd7 26. Nf6+ Kh8 27. Nxd7 h6 28. Bf6 Re6 29. Qd4 1-0

[Event "Kragujevac"]
[Site "Kragujevac"]
[Date "1995.??.??"]
[Round "?"]
[White "Markovic, Slavoljub"]
[Black "Milicevic, Predrag"]
[Result "1-0"]
[WhiteElo "2260"]
[BlackElo "2320"]
[PlyCount "67"]
[EventDate "1995.??.??"]
[EventType "tourn"]
[EventRounds "13"]
[EventCountry "YUG"]
[EventCategory "3"]
[SourceTitle "EXT 2004"]
[Source "ChessBase"]
[SourceDate "2003.11.25"]
[SourceVersion "1"]
[SourceVersionDate "2003.11.25"]
[SourceQuality "1"]

1. e4 c5 2. Nf3 d6 3. d4 cxd4 4. Nxd4 Nf6 5. Nc3 e6 6. f4 a6 7. Qf3 Qc7 8. Bd3 b5 9. Be3 Bb7 10. g4 b4 11. Nce2 Nfd7 12. g5 Nc6 13. Nxc6 Qxc6 14. Qh3 g6 15. Nd4 Qc8 16. Rf1 Nc5 17. f5 e5 18. Qf3 Nxd3+ 19. cxd3 Qd7 20. Ne2 d5 21. Ng3 d4 22. Bd2 Rc8 23. h4 a5 24. fxg6 fxg6 25. Nh5 gxh5 26. Qxh5+ Kd8 27. g6 Rc6 28. Qxe5 Bg7 29. Qg5+ Kc8 30. Rf7 Qh3 31. Rc1 Qh1+ 32. Rf1 Rxc1+ 33. Bxc1 hxg6 34. Rxh1 1-0

[Event "Master Challenge 12th"]
[Site "USA"]
[Date "1990.??.??"]
[Round "?"]
[White "Milicevic, Predrag"]
[Black "Burnett, Ronald"]
[Result "1-0"]
[WhiteElo "2235"]
[BlackElo "2305"]
[PlyCount "77"]
[EventDate "1990.??.??"]
[EventType "swiss"]
[EventRounds "5"]
[EventCountry "USA"]
[SourceTitle "EXT 2004"]
[Source "ChessBase"]
[SourceDate "2003.11.25"]
[SourceVersion "1"]
[SourceVersionDate "2003.11.25"]
[SourceQuality "1"]

1. e4 c5 2. Nf3 Nc6 3. Nc3 d6 4. Bb5 Bd7 5. Bxc6 Bxc6 6. d4 cxd4 7. Qxd4 e6 8. Bg5 Nf6 9. 0-0-0 Be7 10. Rhe1 0-0 11. Kb1 Qa5 12. Qd2 Kh8 13. Nd4 Rac8 14. f3 Bd7 15. Nb3 Qc7 16. e5 Bd8 17. exf6 gxf6 18. Bh6 Rg8 19. Qxd6 Qxd6 20. Rxd6 Bc6 21. Rd2 Bc7 22. h3 Be5 23. Be3 b6 24. Bd4 Bxd4 25. Nxd4 Ba8 26. a4 a6 27. Red1 f5 28. Nb3 Kg7 29. Rd6 Rb8 30. a5 bxa5 31. Nxa5 Rgc8 32. Kc1 Rc5 33. Rxa6 Bd5 34. Nxd5 Rxd5 35. c4 Rc5 36. Kc2 Rb4 37. b3 f4 38. Kc3 Rb8 39. b4 1-0

[Event "Kragujevac"]
[Site "Kragujevac"]
[Date "1984.??.??"]
[Round "7"]
[White "Milicevic, Predrag"]
[Black "Georgiev, Krum"]
[Result "1/2-1/2"]
[WhiteElo "2280"]
[BlackElo "2445"]
[PlyCount "26"]
[EventDate "1984.02.??"]
[EventType "tourn"]
[EventRounds "13"]
[EventCountry "YUG"]
[EventCategory "7"]
[SourceTitle "MCD"]
[Source "ChessBase"]
[SourceDate "1999.07.01"]
[SourceVersion "1"]
[SourceVersionDate "1999.07.01"]
[SourceQuality "1"]

1. c4 Nf6 2. Nc3 g6 3. e4 d6 4. d4 Bg7 5. f3 0-0 6. Be3 a6 7. Qd2 c6 8. a4 a5 9. Bd3 e5 10. Nge2 Nfd7 11. Rd1 Na6 12. 0-0 Re8 13. Bb1 Qc7 1/2-1/2

[Event "Kragujevac"]
[Site "Kragujevac"]
[Date "1984.??.??"]
[Round "2"]
[White "Milicevic, Predrag"]
[Black "Milicevic, Miodrag"]
[Result "1/2-1/2"]
[WhiteElo "2280"]
[BlackElo "2310"]
[PlyCount "28"]
[EventDate "1984.02.??"]
[EventType "tourn"]
[EventRounds "13"]
[EventCountry "YUG"]
[EventCategory "7"]
[SourceTitle "MCD"]
[Source "ChessBase"]
[SourceDate "1999.07.01"]
[SourceVersion "1"]
[SourceVersionDate "1999.07.01"]
[SourceQuality "1"]

1. c4 c5 2. Nc3 Nc6 3. g3 g6 4. Bg2 Bg7 5. a3 e5 6. Rb1 a5 7. e3 Nge7 8. Nge2 d6 9. 0-0 0-0 10. Nd5 Nxd5 11. cxd5 Nb8 12. b4 axb4 13. axb4 b6 14. bxc5 bxc5 1/2-1/2

[Event "Kragujevac"]
[Site "Kragujevac"]
[Date "1984.??.??"]
[Round "9"]
[White "Milicevic, Predrag"]
[Black "Portisch, Ferenc"]
[Result "1/2-1/2"]
[WhiteElo "2280"]
[BlackElo "2445"]
[PlyCount "53"]
[EventDate "1984.02.??"]
[EventType "tourn"]
[EventRounds "13"]
[EventCountry "YUG"]
[EventCategory "7"]
[SourceTitle "MCD"]
[Source "ChessBase"]
[SourceDate "1999.07.01"]
[SourceVersion "1"]
[SourceVersionDate "1999.07.01"]
[SourceQuality "1"]

1. c4 d6 2. d4 Nf6 3. Nc3 Nbd7 4. e4 e5 5. Nf3 c6 6. Be2 g6 7. 0-0 Bg7 8. h3 0-0 9. Re1 exd4 10. Nxd4 Re8 11. Bf1 Nc5 12. Qf3 d5 13. cxd5 cxd5 14. e5 Nfe4 15. Bf4 Bxe5 16. Bxe5 Rxe5 17. Qe3 f6 18. Nf3 Re7 19. b4 Na6 20. Qd4 Nxc3 21. Qxf6 Rd7 22. Qxc3 Rd6 23. Rad1 Bf5 24. Nd4 Bd7 25. Re5 Qf6 26. Rde1 Rf8 27. Qb2 1/2-1/2

[Event "Kragujevac"]
[Site "Kragujevac"]
[Date "1984.??.??"]
[Round "1"]
[White "Vukic, Milan"]
[Black "Milicevic, Predrag"]
[Result "1-0"]
[WhiteElo "2450"]
[BlackElo "2280"]
[PlyCount "65"]
[EventDate "1984.02.??"]
[EventType "tourn"]
[EventRounds "13"]
[EventCountry "YUG"]
[EventCategory "7"]
[SourceTitle "MCD"]
[Source "ChessBase"]
[SourceDate "1999.07.01"]
[SourceVersion "1"]
[SourceVersionDate "1999.07.01"]
[SourceQuality "1"]

1. Nf3 Nf6 2. c4 g6 3. d4 Bg7 4. g3 0-0 5. Bg2 d6 6. 0-0 Bf5 7. Nc3 Qc8 8. Re1 Bh3 9. Bh1 c6 10. e4 Na6 11. b3 Bg4 12. Bb2 e5 13. Qd2 Re8 14. d5 c5 15. Nh4 Nc7 16. Ng2 Bf3 17. Qd3 Bxg2 18. Bxg2 a6 19. a4 b6 20. Bc1 Qd7 21. Bd2 Rab8 22. Reb1 b5 23. axb5 axb5 24. b4 bxc4 25. Qxc4 cxb4 26. Rxb4 Rxb4 27. Qxb4 Bf8 28. Qb7 Na8 29. Qc6 Rb8 30. Be3 Qd8 31. Bh3 Ne8 32. Nb5 Nec7 33. Nxc7 1-0

[Event "Kragujevac"]
[Site "Kragujevac"]
[Date "1977.10.19"]
[Round "7"]
[White "Rajkovic, Dusan"]
[Black "Milicevic, Predrag"]
[Result "1/2-1/2"]
[WhiteElo "2495"]
[BlackElo "2205"]
[PlyCount "27"]
[EventDate "1977.10.12"]
[EventType "tourn"]
[EventRounds "15"]
[EventCountry "YUG"]
[EventCategory "6"]
[SourceTitle "EXT 2004"]
[Source "ChessBase"]
[SourceDate "2003.11.25"]
[SourceVersion "1"]
[SourceVersionDate "2003.11.25"]
[SourceQuality "1"]

1. e4 c5 2. Nf3 d6 3. Bb5+ Bd7 4. Bxd7+ Qxd7 5. c4 e5 6. 0-0 Nc6 7. d3 Be7 8. Nc3 Bd8 9. a3 Nge7 10. Rb1 0-0 11. b4 b6 12. Nd5 Nd4 13. Nxe7+ Bxe7 14. Nxd4 1/2-1/2